000 01495nam a2200373 a 4500
001 ebr10680971
003 CaPaEBR
006 m u
007 cr cn|||||||||
008 090618s2009 nyuabd sb 001 0 eng d
010 _z 2009024614
020 _z9781607417378 (hardcover)
020 _z1607417375 (hardcover)
020 _z9781617285653 (e-book)
040 _aCaPaEBR
_cCaPaEBR
035 _a(OCoLC)662453193
043 _af------
050 1 4 _aHC800.P6
_bP68 2009eb
082 0 4 _a339.4/6096
_222
245 0 0 _aPoverty in Africa
_h[electronic resource] /
_cThomas W. Beasley, editor.
260 _aNew York :
_bNova Science Publishers,
_cc2009.
300 _axii, 281 p. :
_bill. (some col.), maps (some col.).
490 1 _aAfrican political, economic, and security issues series
504 _aIncludes bibliographical references and index.
533 _aElectronic reproduction.
_bPalo Alto, Calif. :
_cebrary,
_d2013.
_nAvailable via World Wide Web.
_nAccess may be limited to ebrary affiliated libraries.
650 0 _aPoor
_zAfrica.
651 0 _aAfrica
_xEconomic conditions
_y21st century.
651 0 _aAfrica
_xSocial conditions
_y21st century.
655 7 _aElectronic books.
_2local
700 1 _aBeasley, Thomas W.
710 2 _aebrary, Inc.
830 0 _aAfrican political, economic, and security issues series.
856 4 0 _uhttp://site.ebrary.com/lib/rucke/Doc?id=10680971
_zAn electronic book accessible through the World Wide Web; click to view
999 _c156998
_d156998